The American funeral ; a study in guilt, extravagance, and sublimity /

Bibliographic Details
Main Author: Bowman, LeRoy, 1887-1971
Format: Book
Language:English
Published: Washington : Public Affairs Press, [1959]
Subjects:

MARC

Tag First Indicator Second Indicator Subfields
LEADER 00000cam a2200000 4500
001 in00000023529
005 20151007064455.0
008 721020s1959 dcu 00000 eng u
010 |a  59010229  
035 |a (OCoLC)00475349 
035 |9 AAD9911AM 
040 |c WOO  |d TXA  |d UtOrBLW 
049 |a TXAM  |c [310516] 
050 0 |a GT3203  |b .B6 
082 0 |a 393.0973 
092 |a 393  |b B787a 
100 1 |a Bowman, LeRoy,  |d 1887-1971. 
245 1 4 |a The American funeral ;  |b a study in guilt, extravagance, and sublimity /  |c Introd. by Harry A. Overstreet. 
264 1 |a Washington :  |b Public Affairs Press,  |c [1959] 
300 |a 181 pages ;  |c 24 cm. 
336 |a text  |b txt  |2 rdacontent 
337 |a unmediated  |b n  |2 rdamedia 
338 |a volume  |b nc  |2 rdacarrier 
650 0 |a Funeral rites and ceremonies  |z United States. 
999 |a MARS 
999 f f |s c639f94c-feaa-3a86-b520-94c7a0fc8d41  |i e030ec55-3c4a-3b85-8633-f514bd313fbb  |t 0 
952 f f |p normal  |a Texas A&M University  |b College Station  |c Sterling C. Evans Library  |d Evans: Library Stacks  |t 0  |e GT3203 .B6  |h Library of Congress classification  |i unmediated -- volume  |m A14800884998 
998 f f |a GT3203 .B6  |t 0  |l Evans: Library Stacks